00327nas a22001217a 4500008004100000022001500041245003400056260005700090300000900147310001400156546001400170650002100184130314t20009999ag ||||| |||| 00| 0 spa d a1515-3460  aRevista Argentina de Medicina aBuenos Aires:bSociedad Argentina de Medicina,c2000 av. : abimestral aespañol aMEDICINA INTERNA